000 00636nam a2200265Ia 4500
005 20260306152940.0
008 008 260114s9999 xx 000 0 eng d
020 _a9781868149162
037 _aEBOOK
040 _aCRL
040 _beng
040 _cCRL
041 _2eng
041 _aeng
084 _qCRL
100 _aMoolla
_91124348
245 0 _aNatures of Africa
250 _a1st ed
260 _bWits University Press
260 _c2018
650 _aAfrican Studies
856 _uhttps://www.cambridge.org/core/product/identifier/9781868149162/type/BOOK
942 _cEBOOK
999 _c1701594
_d1701594